000 00786nab a2200241 u 4500
001 10696
003 HDC
007 cr bn ---aaaaa
008 210205c20130419my dr|nes 0 a may d
040 _aHDC
245 0 _aSyarikat tempatan catat jualan RM76 juta di pameran Rusia
260 _aKuala Lumpur :
_bMedia Mulia Sdn. Bhd.,
_c2013
336 _atext
_2rdacontent
337 _acomputer
_2rdamedia
338 _aonline resource
_2rdacarrier
650 _aEntrepreneur
_91863
650 _aSmall business
_9208
710 _aUtusan Malaysia
856 _zRequest full-text at [email protected]
942 _2lcc
942 _cNEWS
942 _kNWSC 003911
999 _c8019
_d8019